Определение микроколичеств некоторых тяжелых металлов в сере высокой частоты; Электрохимические методы анализа

書誌詳細
Parent link:Электрохимические методы анализа.— 1989.— С. 162-163
第一著者: Пичугина В. М. Валентина Максимовна
その他の著者: Ивановская Е. А.
言語:ロシア語
出版事項: 1989
主題:
フォーマット: MixedMaterials 図書の章
KOHA link:https://koha.lib.tpu.ru/cgi-bin/koha/opac-detail.pl?biblionumber=250623

MARC

LEADER 00000naa2a2200000 4500
001 250623
005 20231031213233.0
035 |a (RuTPU)RU\TPU\book\272838 
035 |a RU\TPU\tpu\12646 
090 |a 250623 
100 |a 20140214d1989 k y0rusy50 ca 
101 0 |a rus 
102 |a RU 
200 1 |a Определение микроколичеств некоторых тяжелых металлов в сере высокой частоты  |f В. М. Пичугина, Е. А. Ивановская 
463 0 |0 (RuTPU)RU\TPU\book\270153  |t Электрохимические методы анализа  |o тезисы III Всесоюзной конференции по электрохимическим методам анализа  |v С. 162-163  |d 1989  |p 482 с. 
610 1 |a тяжелые металлы 
610 1 |a сера 
610 1 |a труды учёных ТПУ 
700 1 |a Пичугина  |b В. М.  |c химик  |c научный сотрудник Томского политехнического университета  |f 1937-  |g Валентина Максимовна  |2 stltpush  |3 (RuTPU)RU\TPU\pers\28915 
701 1 |a Ивановская  |b Е. А. 
801 1 |a RU  |b 63413507  |c 20050721  |g PSBO 
801 2 |a RU  |b 63413507  |c 20140217  |g PSBO 
942 |c BK